Jusepe de Ribera el Españoleto (Record no. 2001)
[ view plain ]
| 000 -CABECERA | |
|---|---|
| campo de control de longitud fija | 00786nam a2200241 a 4500 |
| 001 - NÚMERO DE CONTROL | |
| campo de control | BRCA_2252 |
| 005 - FECHA Y HORA DE LA ÚLTIMA TRANSACCIÓN | |
| campo de control | 20190320203730.0 |
| 008 - DATOS DE LONGITUD FIJA--INFORMACIÓN GENERAL | |
| campo de control de longitud fija | 290705s2003----sp-a---###---#000-0#spa-d |
| 020 ## - NÚMERO INTERNACIONAL ESTÁNDAR DEL LIBRO | |
| Número Internacional Estándar del Libro | 8477829969 |
| 040 ## - FUENTE DE LA CATALOGACIÓN | |
| Centro catalogador/agencia de origen | DLC |
| 041 ## - CÓDIGO DE LENGUA | |
| Código de lengua del texto/banda sonora o título independiente | spa |
| 044 ## - CÓDIGO DEL PAÍS DE LA ENTIDAD EDITORA/PRODUCTORA | |
| Código MARC del país | sp |
| 050 #4 - SIGNATURA TOPOGRÁFICA DE LA BIBLIOTECA DEL CONGRESO | |
| Número de clasificación | ND813.R5 |
| Número de documento/Ítem | .J87 2003 |
| 245 10 - MENCIÓN DE TÍTULO | |
| Título | Jusepe de Ribera el Españoleto |
| Mención de responsabilidad, etc. | coordinación del catálogo Sandra Benito Vélez, Rocío Guerrero Mondoño. |
| 260 ## - PUBLICACIÓN, DISTRIBUCIÓN, ETC. | |
| Lugar de publicación, distribución, etc. | Barcelona |
| Nombre del editor, distribuidor, etc. | Lunwerg Editores |
| Fecha de publicación, distribución, etc. | 2003 |
| 300 ## - DESCRIPCIÓN FÍSICA | |
| Extensión | 195 p. |
| Otras características físicas | il. a color |
| Dimensiones | 33 cm. |
| 500 ## - NOTA GENERAL | |
| Nota general | Incluye índice de obras y cronología |
| 500 ## - NOTA GENERAL | |
| Nota general | Incluye piezas de la colección Franz Mayer: p. 163 |
| 600 14 - PUNTO DE ACCESO ADICIONAL DE MATERIA--NOMBRE DE PERSONA | |
| Nombre de persona | Ribera, José de |
| Fechas asociadas al nombre | 1591-1652 |
| 9 (RLIN) | 6760 |
| 700 1# - PUNTO DE ACCESO ADICIONAL--NOMBRE DE PERSONA | |
| Nombre de persona | Benito Vélez, Sandra |
| 9 (RLIN) | 6761 |
| 700 1# - PUNTO DE ACCESO ADICIONAL--NOMBRE DE PERSONA | |
| Nombre de persona | Guerrero Mondoño, Rocío |
| 9 (RLIN) | 6762 |
| 942 ## - ELEMENTOS DE PUNTO DE ACCESO ADICIONAL (KOHA) | |
| Fuente del sistema de clasificación o colocación | Library of Congress Classification |
| Tipo de ítem Koha | Libros |
| Estado de retiro | Estado de pérdida | Estado dañado | No para préstamo | Localización permanente | Ubicación/localización actual | Fecha de adquisición | Total de préstamos | Signatura topográfica completa | Código de barras | Fecha visto por última vez | Precio válido a partir de | Tipo de ítem Koha |
|---|---|---|---|---|---|---|---|---|---|---|---|---|
| El ejemplar forma parte de la colección y puede ser consultado según las políticas vigentes. | Biblioteca del Museo Franz Mayer (Rogerio Casas-Alatriste) | Biblioteca del Museo Franz Mayer (Rogerio Casas-Alatriste) | 14/08/2008 | ND813.R5 .J87 2003 | 02302 | 22/03/2019 | 22/03/2019 | Libros |